000 00325nam a2200121Ia 4500
008 220120s9999||||xx |||||||||||||| ||und||
082 _a823 MOR
100 _aMorpurgo, Michael
245 0 _aPrivate peaceful
260 _aCollins Readers
_bNew Delhi
_c2003
300 _aXVIII,743p.
_b0
650 _aDIGITAL DESIGN/LOGIC DESIGN
999 _c137464
_d137464